Anteproyecto: agroquímicos, ecología y salud /
Anteproyecto de investigación sobre los efectos que tiene, sobre el hombre y el ambiente, el uso de los agroquímicos, en Centroamérica - Justifica la necesidad de disponer de un documento base que integre lo económico - social a las ciencias de la salud y al de la problemática de los agroquímicos, l...
Збережено в:
| Співавтори: | , |
|---|---|
| Формат: | Текст |
| Опубліковано: |
San José:
CSUCA
|
| Теги: |
Додати тег
Немає тегів, Будьте першим, хто поставить тег для цього запису!
|
MARC
| LEADER | 00000 a a2200000 04500 | ||
|---|---|---|---|
| 001 | 20537 | ||
| 003 | |||
| 040 | |||
| 090 | |a 086300 | ||
| 110 | |a CSUCA. Programa Centroamericano de Ciencia y Tecnología | ||
| 245 | |a Anteproyecto: agroquímicos, ecología y salud / |c CSUCA. Programa Centroamericano de Ciencia y Tecnología | ||
| 260 | |a San José: |b CSUCA | ||
| 300 | |a 12 p | ||
| 520 | |a Anteproyecto de investigación sobre los efectos que tiene, sobre el hombre y el ambiente, el uso de los agroquímicos, en Centroamérica - Justifica la necesidad de disponer de un documento base que integre lo económico - social a las ciencias de la salud y al de la problemática de los agroquímicos, la ecología y la salud. Enfoca el problema como un gran negocio de las burguesías agroexportadoras y de las compañías transnacionales. Plantea los objetivos de la investigación, entre los cuales esta el de realizar la interpretación global de la realidad acerca del uso de los plaguicidas en Centroamérica y sus consecuencias en la salud de sus habitantes. Detalla la cronología y etapas de la investigación | ||
| 710 | |a CSUCA. Programa Centroamericano de Ciencias de la Salud | ||
| 999 | |c 1277 |d 1277 | ||
